[Event "Olympiad-38"]
[Site "Dresden"]
[Date "2008.11.14"]
[Round "2"]
[White "Jakovenko, Dmitrij"]
[Black "Bartel, Mateusz"]
[Result "1-0"]
[WhiteElo "2737"]
[BlackElo "2602"]
[Annotator "Bartel,M"]
[PlyCount "65"]
[EventDate "2008.11.13"]
[EventType "team-swiss"]
[EventRounds "11"]
[EventCountry "GER"]
[SourceTitle "CBM 128"]
[Source "ChessBase"]
[SourceDate "2009.01.28"]
[SourceVersion "1"]
[SourceVersionDate "2009.01.28"]
[SourceQuality "1"]
[WhiteTeam "Russia"]
[BlackTeam "Poland"]
[WhiteTeamCountry "RUS"]
[BlackTeamCountry "POL"]

1. e4 e5 {I haven't had too many opportunites in my life to play versus
opponents over 2700. Before meeting such a strong player you must choose an
opening, which is not the easiest task, because you are always worry that he
knows the openings much better than you. I usually play different lines in the
French, but I decided it wass much better to choose something more "central".}
2. Nf3 Nc6 3. Bb5 a6 4. Ba4 Nf6 5. O-O b5 6. Bb3 Bb7 {The Arkhangelsk Defence
is not very popular these days, but - to be honest - I don't know why.} 7. d3 {
This is surely not the most critical answer.} ({When you want to fight for a
real advantage you must choose between} 7. Re1) (7. c3) 7... Be7 ({The
alternative is} 7... Bc5 {, but it is not clear if the bishop is better on c5,
especially when White doesn't really want to push d4.}) 8. Re1 O-O 9. h3 $6 {
I don't like this move. One can call this prophylactic, but with the bishop on
b7 there is really no reason to take under control the g4-square.} ({White
should choose between} 9. c3) ({and} 9. Nc3 {or}) (9. Nbd2) 9... h6 $5 {
White's bishop is on c1, so this move is justified; as well as that, Black's
plan is to play d7-d5 in a single move.} 10. Nbd2 Re8 11. c3 Bf8 {Everything
is ready to begin action in the centre. Now White should try to prevent d7-d5,
but this is hardly possible.} 12. a4 Na5 13. Bc2 ({It was possible to play} 13.
Ba2 {but after} c5 14. d4 exd4 {White will always face problems with his
hanging e4-pawn.} 15. cxd4 (15. e5 dxc3 16. bxc3 (16. exf6 cxd2 17. Rxe8 Qxe8
18. Bxd2 Nc4) 16... Nd5 {and Black is better.}) 15... cxd4 ({Also possible is} 
15... Nxe4 16. Nxe4 Rxe4 17. Rxe4 Bxe4 18. dxc5 Bxc5 19. Bd5 Bxd5 20. Qxd5 d6
21. axb5 axb5 22. Bd2 Nc6 $5 {with equality.}) 16. e5 Nd5 17. Nxd4 Qb6 {
and with such active pieces Black must be ok.}) 13... c5 {Otherwise, at some
moment, White can play b4.} ({Probably after} 13... d5 14. exd5 Qxd5 (14...
Nxd5 15. Rxe5) 15. b4 Nc6 16. Ne4 Nxe4 17. dxe4 {White can get a small edge.})
14. d4 $1 {Of course! White is not waiting for his opponent's d5.} cxd4 15.
cxd4 d5 $1 {Black is not giving up in fighting for the central squares.} ({
There is probably nothing wrong with} 15... exd4 16. e5 Nd5 17. Nxd4 {but when
the bishop stays on c2 Black's king will always feel a bit uncomfortable.}) 16.
dxe5 ({It is possible to include} 16. axb5 axb5 {but White can also play it on
the next move - it doesn't make a difference.}) ({White can't achieve much
after} 16. exd5 exd4 17. Rxe8 Qxe8 18. Nxd4 Bxd5 {where only Black can be
better.}) 16... Nxe4 {Now the position is similar to the Open Ruy Lopez with
one - important - difference, Black's white-squared bishop is placed on b7 not
on e6, which must be better for him.} ({Probably it was also possible to play} 
16... dxe4 17. exf6 exf3 18. Nxf3 (18. Rxe8 Qxe8 19. Nxf3 Rd8 20. Qf1 Qc6 21.
Qe2) 18... Rxe1+ 19. Qxe1 Rc8 {but during the game taking with knight looked
more logical to me.}) 17. axb5 axb5 18. Qe2 {A smart move, which is keeping
the pressure.} ({Black's activity is helping to achieve a draw after} 18. Nxe4
dxe4 19. Qxd8 Rexd8 20. Bxe4 Bxe4 21. Rxe4 Nb3 $1 22. Rb1 (22. Rxa8 Rxa8 23.
Bf4 Ra2 24. Re2 Ba3 $1) 22... Ra4 $1 23. Re2 (23. Rxa4 $2 Rd1+ $1) (23. Re1 Bb4
24. Rf1 Bc5) 23... Rd1+ 24. Re1 Rxe1+ 25. Nxe1 Re4) 18... Rc8 $2 {Mistake. I
wanted to activate my rook on the c-file, but this is sensless.} ({Black had
two strong options. First was the sharp} 18... f5 $1 {which allows him to keep
the knight on the important e4-square.} 19. Qxb5 (19. exf6 Qxf6 20. Qxb5 Bc6
21. Qd3 Bc5 22. Re2) 19... Bc6 20. Qe2 Bc5 {and Black has a big initiative for
the sacrified pawn.}) ({Another option was} 18... Nc4 {which leads to a forced
draw after} 19. Rxa8 Qxa8 20. Nxe4 (20. Bxe4 {?} dxe4 21. Nxe4 Nxe5) 20... dxe4
21. Bxe4 Bxe4 22. Qxe4 Qxe4 23. Rxe4 Ra8 {!} 24. b3 Ra1 25. Re1 Na5 {and Black
is winning back the missing pawn.}) 19. Nxe4 dxe4 20. Bxe4 Bxe4 21. Qxe4 Nb3
22. Rb1 {In my imagination the black pieces look active. But White needs just
1-2 moves to consolidate its position.} Rc4 23. Qe2 f6 {This move looks awful,
but there is nothing better than that. Otherwise White can play Be3 and Black
will just be a pawn down.} 24. Rd1 Qc7 $2 {My second mistake in the game, but
already the decisive one. There were two places for the queen: c7 and c8. I
asked myself if there is a difference. I noticed that after ...Qc7 my rook on
e8 is not protected but I couldn't find any way to exploit it.} ({Necessary was
} 24... Qc8 25. Qe3 (25. Bxh6 $6 gxh6 26. Qd3 Nc1 $1 {and White is not winning.
}) 25... Nxc1 26. Rbxc1 fxe5 {. Black is of course much worse here, because of
his weaker pawn structure, but it is possible to survive.}) 25. Bxh6 $1 {
That's it! Only now I realised that it was better to protect the rook...} fxe5
(25... gxh6 {gives White the opportunity of a double attack after} 26. Qd3 {
and Black is helpless. One of my coaches - Mr. Vladimir Shishkin from Russia -
used to say that chess is a game of double attack. I should have listened to
him more carefully...}) 26. Be3 {White is a pawn up and also the troubles
which will surround the black position are merely a question of a few moves
away. The rest doesn't need any comments.} Qf7 27. Ng5 Qg6 28. Qf3 Nd4 29. Bxd4
exd4 30. Qd5+ Kh8 31. Nf3 Bd6 32. Ra1 Rd8 33. Ne5 1-0

[Event "Sigeman & Co 05th"]
[Site "Malmo"]
[Date "1997.06.12"]
[Round "3"]
[White "Timman, Jan H"]
[Black "Hector, Jonny"]
[Result "1-0"]
[WhiteElo "2630"]
[BlackElo "2500"]
[Annotator "Blatny,P"]
[PlyCount "65"]
[EventDate "1997.06.10"]
[EventType "tourn"]
[EventRounds "9"]
[EventCountry "SWE"]
[EventCategory "13"]
[SourceTitle "CBM 060"]
[Source "ChessBase"]
[SourceDate "1997.09.29"]
[SourceVersion "1"]
[SourceVersionDate "1997.09.29"]
[SourceQuality "1"]

1. e4 e5 2. Nf3 Nc6 3. Bb5 a6 4. Ba4 Nf6 5. O-O Be7 6. Re1 b5 7. Bb3 Bb7 8. d4
{[%csl Yd4,Yd5,Ye4,Ye5]} (8. d3 O-O 9. a4 (9. Nbd2 Re8 10. c3 h6 11. d4 Bf8 12.
a4 exd4 13. cxd4 d6 14. h3 Nb4 15. e5 dxe5 16. dxe5 Nfd5 17. axb5 axb5 18. Rxa8
Bxa8 19. e6 fxe6 20. Nd4 Qd7 21. Qe2 Nf4 22. Qxb5 Qxb5 23. Nxb5 Nbd3 24. Nxc7
Nxe1 25. Nxe8 Bxg2 26. Bc4 Kf7 27. Bb5 h5 28. h4 g5 29. hxg5 Bb4 30. f3 Bc5+
31. Kh2 h4 32. Ne4 Nxf3# {0-1 Mortensen,E-Hector,J/Copenhagen BSF 1995}) 9...
d6 10. c3 (10. Nc3 Na5 11. Ba2 b4 12. Ne2 Rb8 13. Ng3 c5 14. Nd2 (14. Bd2 Bc8
15. h3 Ne8 16. Nf1 Nc7 17. Ne3 Kh8 18. Qe2 Be6 19. Bxe6 fxe6 $11 {0-1
Kruszynski,W-Hector,J/Berliner Sommer 1993 (40)}) 14... Ne8 15. Nc4 Nxc4 16.
Bxc4 Bg5 $11 {1/2-1/2 Hellers,F-Hector,J/Copenhagen op 1991 (31)}) 10... Na5 (
10... Re8 11. Na3 Qd7 12. Bd2 Na5 13. axb5 axb5 14. Ba2 c5 15. b4 cxb4 16. cxb4
Nc6 17. Nxb5 d5 $132 {1-0 Kupreichik,V-Hector,J/Norresundby op 1993 (40)}) 11.
Ba2 c5 12. Na3 Qd7 13. axb5 axb5 14. Bd2 $13 {1/2-1/2 Emms,J-Hector,J/
Copenhagen op 1995 (58)}) (8. c3 d5 9. exd5 Nxd5 10. Nxe5 (10. d4 exd4 11. cxd4
O-O 12. Nc3 Ncb4 13. a4 bxa4 14. Rxa4 Qd6 (14... a5 15. Ne5 Bf6 16. Ra1 Re8 17.
Na4 Qd6 18. Nc5 Bxe5 19. Rxe5 Bc6 $14 {0-1 Wedberg,T-Hector,J/Sweden TV Cup
1993 (28)}) 15. Ne5 Rad8 16. Qh5 Qb6 17. Be3 c5 $132 {1-0 Liss,E-Hector,J/
Politiken, Copenhagen DEN 1996 (41)}) 10... Nxe5 11. Rxe5 O-O (11... Nf4 12. d4
Nxg2 13. Qe2 h6 14. Qh5 g6 15. Qg4 (15. Qh3 Qd6 16. Bg5 Qxe5 $13 {0-1 Ernst,
T-Hector,J/Sweden TV Cup 1993 (39)}) 15... Qd6 16. Nd2 f5 17. Qg3 g5 18. Nf3
Nf4 19. Bxf4 gxf4 20. Rxe7+ Qxe7 21. Qg6+ Kd8 22. Re1 Qh7 23. Qf6+ Kc8 24. Re7
$18 {1/2-1/2 Mortensen,E-Hector,J/Festuge op 1991 (60)}) 12. d4 Bf6 13. Re1 Qd6
14. Be3 Rae8 15. Nd2 Nxe3 16. fxe3 Bg5 $44 {Sawatzki,F-Hector,J/Hamburg
Wichern-op 1995/0-1 (48)}) (8. a4 Na5 9. Ba2 Nxe4 10. Nxe5 O-O 11. Qh5 Nc4 12.
d4 Bh4 13. g3 $14 {Slobodjan,R-Hector,J/BL2-N 1995/1-0 (63)}) 8... Nxd4 9.
Bxf7+ (9. Nxd4 exd4 10. e5 Ne4 (10... Nd5 $5 11. Qf3 (11. c3 O-O 12. Qf3 c6 13.
cxd4 d6 14. Nc3 dxe5 15. Nxd5 cxd5 16. dxe5 Qd7 17. Bc2 d4 18. e6 {0-1 Garcia,
G-Hector,J/Manila ol (M.02.06.2) 1992 (36)}) (11. Qg4 Kf8 12. Qf3 c6 13. c3 Qb6
14. cxd4 Qxd4 15. Nc3 Re8 16. Re4 $14 {1/2-1/2 Hellers,F-Hector,J/Copenhagen
PC 1991 (27)}) 11... c6 12. Bxd5 (12. Qg4 $22 Qb6 13. Qxg7 O-O-O 14. Qh6 $1
Rhg8 {14. - c5? 15.Bxd5! + -} 15. Bxd5 Rg6 16. Qxh7 cxd5 17. Nd2 $16 {
Kindermann-Yilmaz, Dubai (Ol) 1986.}) (12. c3 dxc3 13. Nxc3 O-O 14. Nxd5 cxd5
15. Bxd5 Bxd5 16. Qxd5 d6 17. e6 Bf6 $132 {Romanishin,O-Hector,J/Taastrup 1992/
1/2-1/2 (53)}) 12... cxd5 13. Qg4 Qb6 14. Nd2 Qg6 15. Qxg6 hxg6 16. Nf3 Bc5 17.
Bf4 Rc8 18. Red1 O-O 19. Rac1 Rfe8 20. h3 f6 $14 {1-0 Watson,W-Hector,J/London
WFW 1991 (45)}) 11. Qg4 (11. c3 Nc5 12. cxd4 Nxb3 13. Qxb3 O-O 14. Nc3 d6 15.
Bf4 $13 {1/2-1/2 De Firmian,N-Hector,J/Hamburg Wichern op 1993 (31)}) 11... Bg5
(11... c5 12. Qxg7 Rf8 13. Qxh7 c4 14. Rxe4 Bxe4 15. Qxe4 cxb3 16. axb3 $16)
12. f4 Bh6 13. Qf5 $14 {0-1 Brinck Claussen,B-Hector,J/Copenhagen op 1995 (31)}
) 9... Kf8 (9... Kxf7 10. Nxe5+ Ke6 11. Qxd4 c5 12. Qc3 $14) 10. Bd5 (10. Bb3 {
10.Nxe5? d6! is good for Black.} Nxb3 11. axb3 d6 $10) 10... Nxf3+ 11. Qxf3
Bxd5 (11... c6 12. Bb3 $14) 12. exd5 Bd6 (12... d6 13. Bg5 h6 14. Bxf6 Bxf6 15.
Nc3 Qd7 16. Ne4 Kf7 17. Re3 Raf8 18. Ra3 $16 {1-0 Lanc,A-Habinak,T/SVK-chT
1995 (31)}) 13. Bg5 $16 (13. Nd2 Qe7 14. a4 b4 15. Nc4 $16) 13... Kf7 14. Nd2 (
14. a4 b4 15. Nd2 $16) 14... h6 15. Bxf6 (15. Be3 Rf8 16. a4 $14) 15... Qxf6 (
15... gxf6 16. a4 $14) 16. Qh3 (16. Qg4 Qe7 17. a4 $16) 16... Qe7 (16... Rad8
17. Ne4 Qg6 18. a4 $16) 17. Ne4 (17. a4 Rhb8 $1 $13) 17... Rhe8 (17... g6 $6)
18. c3 Kg8 19. Qd3 {/\a4} Rab8 (19... Rf8 20. Re2 Rf7 $14) 20. b4 $1 (20. Re2
Rf8 $14) 20... Qf7 (20... Rf8 21. a4 $36 {ץd6}) 21. a4 Bf8 22. axb5 axb5 23.
Ra7 d6 (23... Rec8 24. Rea1 Bd6 $6 25. R1a5) 24. Rea1 $16 Rec8 (24... Re7 25.
R1a5 c6 26. Rxe7 Bxe7 27. dxc6 d5 28. Rxb5 Ra8 29. Nd2 Bg5 30. c7 Ra1+ 31. Nf1
Qxc7 32. Qxd5+ Kh8 33. Rc5 $18) 25. h3 (25. R1a5 Qf4 $1) 25... Kh8 26. R1a6 Qd7
27. Rc6 Be7 28. c4 $1 bxc4 29. Qxc4 Rb6 (29... Bf8 $142 30. b5) 30. b5 Rxc6 (
30... Bd8 31. Rxb6 cxb6 32. Rxd7 Rxc4 33. Rxd8+ $18) (30... Bf8 31. Rxb6 cxb6
32. Nxd6 Rxc4 33. Rxd7 Bxd6 34. Rxd6 Rc5 35. Rxb6 Rxd5 $18) 31. dxc6 (31. bxc6
$6 Qd8) 31... Qd8 32. Nc3 $18 Ra8 33. b6 $1 (33. b6 Rxa7 34. bxa7 Qa8 35. Qa6
e4 36. Qb7 $18) 1-0

[Event "MK Cafe Cup-A"]
[Site "Koszalin"]
[Date "1999.08.08"]
[Round "6"]
[White "Blehm, Pawel"]
[Black "Slobodjan, Roman"]
[Result "0-1"]
[WhiteElo "2479"]
[BlackElo "2550"]
[Annotator "Blatny,P"]
[PlyCount "81"]
[EventDate "1999.08.03"]
[EventType "swiss"]
[EventRounds "9"]
[EventCountry "POL"]
[SourceTitle "CBM 073"]
[Source "ChessBase"]
[SourceDate "1999.12.01"]
[SourceVersion "1"]
[SourceVersionDate "1999.12.01"]
[SourceQuality "1"]

1. e4 e5 2. Nf3 Nc6 3. Bb5 a6 4. Ba4 Nf6 5. O-O Be7 6. Re1 b5 7. Bb3 O-O 8. h3
Bb7 9. d3 d6 10. a3 Nb8 {Andere Möglichkeiten sind} (10... Nd4 11. Nxd4 exd4
12. Nd2 (12. c3 dxc3 13. Nxc3 c5 14. Bf4 d5 $1 15. Nxd5 Nxd5 16. Bxd5 Bxd5 17.
exd5 Bd6 $44 {0-1 Jansa,V-Blatny,P/Zlin 1998/CBM 66/ (57)}) 12... c5 13. Nf3
Nd7 14. a4 Ne5 15. Bf4 Bf6 $11 {0-1 Lanka,Z-Blatny,P/Debrecen 1992/EU-chT (40)}
) (10... Na5 11. Ba2 c5 {1-0 Kasparov,G-Adams,M/Linares 1999/CBM 70/[Blatny,P]
(65) Ausführliche Analysen zu 10...Sa5 finden Sie in CBM 70.}) (10... Qd7 11.
Nc3 Rae8 12. a4 b4 13. Nd5 Nxd5 14. Bxd5 Na5 15. Bxb7 Nxb7 16. d4 $14 {Polgar,
J-Adams,M/Wijk aan Zee 1998/CBM 63}) 11. Nbd2 Re8 $5 $146 {Früher wurde hier
nur} (11... Nbd7 {gespielt. Die Statistik war aber ziemlich schlecht für
Schwarz, es ist also logisch, dass man neue Wege sucht. Schwarz wartet mit der
Entwicklung von Nb8 und bereitet zuerst die "Modellverteidigung" (Re8, Bf8 und
h6) vor.} {Hier einige Beispile mit Sbd7:} 12. Nf1 c5 (12... Nc5 13. Ba2 Ne6
14. Ng3 g6 (14... Nd7 15. Nf5 Bf6 16. Nh2 Bg5 17. Qg4 h5 18. Qxh5 Bxc1 19.
Raxc1 g6 20. Qg4 Nf6 21. Nh6+ Kg7 22. Nxf7 $1 {1-0 Pavlovic,M-Rieke,T/Biel
1998/EXT 99}) 15. Bh6 Re8 16. Qd2 c5 17. Nh2 Bf8 18. Bxf8 Rxf8 19. Qh6 $14 {
1-0 Lanka,Z-Franzen,J/Trnava 1987/EXT 99 (63)}) (12... Re8 13. Ng3 c6 14. Nf5
Bf8 15. Nh2 d5 16. Qf3 Kh8 17. Bg5 h6 18. Bh4 g6 19. Ne3 g5 20. Bg3 dxe4 21.
dxe4 c5 22. Bxf7 Bxe4 23. Qe2 Re7 24. Bh5 Nxh5 25. Qxh5 Bg7 26. Neg4 $40 {
1-0 Shirov,A-Adams,M/Wijk aan Zee 1998/CBM 63 (40)}) 13. Ng3 Rc8 14. Qe2 Qc7
15. Nf5 Bd8 16. Bg5 c4 17. Ba2 Re8 18. Rad1 d5 $5 $132 {1-0 Shirov,A-Sokolov,I/
Groningen1996/ (41)}) 12. Nf1 (12. Ng5 Rf8 (12... d5 $6 13. exd5 Nxd5 14. Ngf3
(14. Nde4 $5) 14... Bf6 15. Ne4 $14) 13. Nf1 h6 14. Nf3 Re8 15. Ng3 Bf8) 12...
Bf8 13. Ne3 (13. Ng3 $142) 13... h6 14. Nh2 Nbd7 15. Qf3 Nc5 16. Ba2 $6 {
"Automatisch" gespielt. Nach dem richtigen} (16. Nhg4 $1 Nxb3 (16... Be7 $2 17.
Nf5 Nxb3 $140 18. Ngxh6+ $1 Kh7 (18... Kf8 19. cxb3 $18) 19. Nxf7 Nxa1 (19...
Qd7 20. Ng5+ Kg8 21. cxb3 $18) 20. Nxd8 Bxd8 21. Bg5 Nxc2 (21... g6 22. Ne3 $18
) 22. Bxf6 Bxf6 23. Rc1 Nd4 24. Nxd4 exd4 25. Rxc7 Re7 26. Rxb7 $1 Rxb7 27.
Qh5+ Kg8 28. Qd5+ $18) 17. Nxf6+ Qxf6 18. Qxf6 gxf6 19. cxb3 $14 {[%csl Gc1,
Ge3,Gf5,Rf6,Rf8,Rh6][%cal Ge3f5,Gc1h6,Ge3d5] bekommt Weiss einen kleinen, aber
dauernden Vorteil.}) 16... Ne6 17. Nf5 (17. Nhg4 $5 Nxg4 18. Qxg4 $14) 17...
Kh7 18. c3 $6 (18. Ng4 Nxg4 (18... Ng8 $2 19. Nfxh6 $3 Nxh6 (19... gxh6 20.
Qxf7+ Bg7 (20... Ng7 $4 21. Qxg8+ Kg6 22. Bf7#) 21. Bxe6 $18) 20. Nxh6 gxh6 21.
Qxf7+ Ng7 (21... Bg7 22. Bxe6 $18) 22. Qg8+ Kg6 23. Re3 $1 Qh4 24. Rg3+ Qxg3
25. Bf7+ Kf6 26. fxg3 $18) 19. Qxg4 $14) 18... g6 19. Ng3 Bg7 20. Be3 c5 21.
Rad1 Qe7 22. Ng4 Ng8 $1 {Jetzt kann Schwarz richtig dem Tausch ausweichen, der
Ng4 wird zu einer "überflüssigen Figur" ...} 23. Qe2 (23. Bd5 $6 Bxd5 24. exd5
Nc7 25. b3 (25. c4 bxc4 26. dxc4 Qf8 $1 $15) 25... Qf8 $1 $15 {[%csl Re3,Rg3,
Rg4][%cal Gf7f5,Gf5f4]}) 23... Rf8 24. Nh2 Rad8 25. Bc1 Qd7 26. h4 Ne7 27. h5
g5 28. Qg4 Nf4 29. Qxd7 Rxd7 30. Ng4 d5 $6 31. exd5 Bxd5 32. Bxd5 $6 (32. Bxf4
$142 $1 exf4 (32... gxf4 33. Ne4 Bxe4 (33... f5 $2 34. Nxe5 $1 Rdd8 (34... Bxe5
35. Nxc5 Rfd8 36. Nxd7 Rxd7 37. c4 $18)) 34. dxe4 Rfd8 35. Rxd7 Rxd7 36. Bxf7
Rd2 37. b3 $16) 33. Ne4 Bxe4 (33... f5 34. Nxc5 Rc7 35. Bxd5 $5 (35. Nxa6 Ra7
36. Rxe7 Rxe7 37. Bxd5 fxg4 38. Be4+ $16 {_|_}) 35... Nxd5 36. Ne6 fxg4 37. c4
$1 Rfc8 $1 38. cxd5 Rd7 39. Nxg7 Kxg7 40. Re6 $16) 34. dxe4 Rfd8 (34... Rxd1
35. Rxd1 $16) 35. Rxd7 Rxd7 36. Bxf7 Rd2 37. e5 $16) 32... Rxd5 33. d4 (33.
Bxf4 $142 gxf4 34. Ne2 f5 35. Nh2 Bf6 $15) 33... cxd4 34. cxd4 Rfd8 35. Nf1 $2
(35. Bxf4 $8 gxf4 36. Ne2 R5d7 $1 37. Rc1 f3 38. gxf3 exd4 $17) 35... Nf5 36.
Nfe3 $6 (36. Bxf4 gxf4 37. Rc1 exd4 $19) 36... Rxd4 $19 37. Rxd4 Nxd4 38. Kf1
Nxh5 (38... Nd3 $1 39. Rd1 Nb3 $19) 39. Nh2 Nf4 40. Rd1 Nfe6 41. b4 0-1

[Event "Hoogovens"]
[Site "Wijk aan Zee"]
[Date "1997.01.22"]
[Round "4"]
[White "Short, Nigel D"]
[Black "Sokolov, Ivan"]
[Result "1/2-1/2"]
[WhiteElo "2690"]
[BlackElo "2615"]
[Annotator "Blatny,P"]
[PlyCount "91"]
[EventDate "1997.01.18"]
[EventType "tourn"]
[EventRounds "13"]
[EventCountry "NED"]
[EventCategory "16"]
[SourceTitle "CBM 057"]
[Source "ChessBase"]
[SourceDate "1997.04.01"]
[SourceVersion "1"]
[SourceVersionDate "1997.04.01"]
[SourceQuality "1"]

1. e4 e5 2. Nf3 Nc6 3. Bb5 a6 4. Ba4 Nf6 5. O-O Be7 6. Re1 b5 7. Bb3 O-O 8. h3
Bb7 9. d3 d6 10. a3 Qd7 {Shirov,A (2685)-Sokolov,I (2670) Groningen 1996 (10)
1-0} (10... Nd4 $5 11. Nxd4 exd4 12. Nd2 c5 13. Nf3 Nd7 $1 14. a4 Ne5 15. Bf4
Bf6 16. Nh2 Ng6 17. Bd2 Bg5 18. axb5 axb5 19. Rxa8 Bxa8 20. Qc1 Bxd2 21. Qxd2
Kh8 22. Nf3 h6 23. c3 dxc3 24. bxc3 f5 $36 {Lanka,Z-Blatny,P/EU-chT Debrecen
LAT-CSR 1992/ 0-1 (40)}) 11. Nc3 Rae8 12. Ba2 $146 (12. Ne2 d5 13. exd5 Nxd5
14. Ng3 Nd4 $5 15. Nxd4 (15. Nxe5 Qd8 16. Ba2 Bd6 $40) 15... exd4 16. Bd2 c5
17. a4 Bh4 18. axb5 axb5 19. Qg4 Qxg4 20. hxg4 Bxg3 21. fxg3 Rxe1+ 22. Rxe1 h6
23. Re5 {1/2-1/2 Shirov,A-Sokolov,I/Wijk 1996}) (12. Bd2 Nd8 13. Ne2 Ne6 14.
Ng3 c5 15. c3 Bd8 16. Bc2 Bc7 17. c4 Bc6 18. b3 g6 19. Bh6 Ng7 20. Qd2 Kh8 $1
21. b4 Ng8 $1 22. bxc5 dxc5 23. Be3 Ne6 24. cxb5 axb5 25. Bb3 Nd4 $13 {Shirov,
A-Kamsky,G/Dos Hermanas 1996/ 1/2-1/2 (56)}) 12... Bd8 $1 13. Bd2 Ne7 14. Nh4
$5 Kh8 15. f4 exf4 16. Bxf4 Ng6 17. Nxg6+ hxg6 18. Qd2 Nh5 $1 19. Bh2 (19. Be3
Bh4 20. Rf1 f5 $36) 19... Bh4 20. Rf1 f5 21. Nd5 Bxd5 $1 (21... fxe4 22. dxe4 (
22. Rxf8+ Rxf8 23. dxe4 Bf2+ $40) 22... Rxf1+ $140 $6 23. Rxf1 Rxe4 $2 24. Nxc7
$1 Qxc7 25. Rf8+ Kh7 26. Bg8+ $40) 22. Bxd5 (22. exd5 $2 {[%csl Ra2]} Qe7 $1 {
[%csl Ra1,Ra2,Rg1,Rh2][%cal Ge7e1,Yh4g5,Yg5e3]}) 22... c6 23. Bb3 d5 24. exd5
cxd5 25. Rf3 $1 {/\g3,Raf1,g4} g5 $5 26. g3 g4 27. hxg4 fxg4 28. Rxf8+ Rxf8 29.
Qg2 $1 (29. gxh4 $2 g3 $40) 29... Bf6 30. c3 (30. Qxd5 $2 Bd4+ 31. Kh1 Qxd5+
32. Bxd5 Bxb2 $17 {_|_}) 30... d4 31. c4 Bg5 $1 32. cxb5 axb5 (32... Be3+ 33.
Kh1 Rf2 $2 34. Qa8+ $18) 33. Rf1 Be3+ 34. Kh1 Rxf1+ 35. Qxf1 Qc6+ 36. Qg2 Qc1+
37. Bg1 Bxg1 38. Qxg1 (38. Qa8+ $2 Kh7 39. Qg8+ Kh6 40. Qh8+ Kg5 41. Qd8+ Nf6
$19) 38... Qxb2 (38... Nxg3+ $2 39. Kg2 Qxg1+ 40. Kxg1 Ne2+ 41. Kf2 Nf4 42. Bc2
{[%csl Ga3,Gc2,Rf4,Rh8][%cal Ga3a8] /\Kg3+/- _|_}) 39. Bf7 $1 Nf6 40. Qh2+ $8
Qxh2+ 41. Kxh2 g5 42. Be6 $11 Kg7 43. Bc8 $1 Nd5 (43... Kf7 $2 44. Ba6 $16) 44.
Bxg4 Kf6 45. Bd7 b4 (45... Nc7 46. Kh3 $14) 46. axb4 1/2-1/2

[Event "Brno"]
[Site "Brno"]
[Date "1993.??.??"]
[Round "6"]
[White "Hracek, Zbynek"]
[Black "Blatny, Pavel"]
[Result "0-1"]
[WhiteElo "2510"]
[BlackElo "2510"]
[Annotator "Blatny,P"]
[PlyCount "114"]
[EventDate "1993.08.??"]
[EventType "tourn"]
[EventRounds "9"]
[EventCountry "CZE"]
[EventCategory "13"]
[SourceTitle "CBM 037"]
[Source "ChessBase"]
[SourceDate "1993.12.01"]
[SourceVersion "1"]
[SourceVersionDate "1993.12.01"]
[SourceQuality "1"]

1. e4 e5 2. Nf3 Nc6 3. Bb5 a6 4. Ba4 Nf6 5. O-O Be7 6. Re1 b5 7. Bb3 O-O 8. a4
Bb7 9. d3 d6 10. c3 Nd7 {In unsere Partie in Stare Mesto 1992 geschah} (10...
Re8 11. Na3 d5 $5 {Eine verspaetete "Marshall" Variation.} 12. exd5 Nxd5 13.
Nxe5 Bxa3 14. Nxc6 Bxc6 15. Rxa3 b4 16. cxb4 Qd6 17. Bd2 Rxe1+ 18. Qxe1 Re8 19.
Qf1 Nf4 20. Bxf4 Qxf4 21. Ra1 Qxb4 {und wir einigten auf Remis. Schon damals
hatte ich den Gefuehl, dass mein Ge- genspiel sehr fraglich war, eine
hausarbeitete Verstaerkung war zu erwarten. Darum habe ich eine solidere
Variante gewaehlt.}) 11. Be3 Bf6 12. Na3 b4 13. Nc4 Rb8 14. a5 bxc3 15. bxc3
Ne7 16. Ba4 Ng6 17. Rb1 (17. Ba7 Ra8 18. Be3 Rb8 $8 19. Ba7 $10) 17... Ba8 18.
Qc2 Rxb1 19. Rxb1 Be7 20. d4 exd4 21. Nxd4 (21. cxd4 d5 $10) 21... Nge5 22.
Nxe5 Nxe5 23. c4 $6 (23. Nf5 $142 Bf6 {und Schwarz steht ein bischen besser.})
23... Bg5 $1 24. Nf5 $2 (24. f4 Ng4 $1 $36) (24. Re1 c5 25. Nb3 $15) 24... g6
$1 25. Bxg5 Qxg5 26. Ne3 {Diagram} (26. Ng3 $8 h5 $40 (26... f5 $5)) 26... Nf3+
27. Kh1 Qf4 $1 28. g3 $8 (28. gxf3 Qxf3+ 29. Kg1 Bxe4 $19) 28... Qh6 (28...
Qxe4 29. Qxe4 Bxe4 30. Bc2 {mit einigen Chancen fuer Weiss.}) 29. h4 Nd2 $1 $19
{Schwarz ereichte eine technisch gewonnene Stellung, seine Realisierung war in
weiterem Verlauf durch einigen Fehlern sehr erschwert, aber am Ende konnte
sich Schwarz doch noch durchsetzen.} (29... Nxh4 30. Nd5 $1) 30. Qxd2 Bxe4+ 31.
Kh2 Bxb1 32. Qb2 Bf5 33. Nd5 Qg7 34. Nf6+ Kh8 35. f3 h5 36. Bc6 Be6 37. Kg1 Rd8
38. Qd4 Rb8 39. c5 dxc5 40. Qe5 c4 41. Qd4 Rf8 $2 (41... Rb1+ 42. Kf2 Rd1 $1
43. Qb2 Rd2+ $1 $19) 42. Kf2 Rc8 43. f4 Rb8 44. Ke1 c3 45. Qxc3 Rd8 46. Qe5 Bf5
47. Qb2 Bg4 48. Qe5 Bh3 49. Qb2 Bf5 50. Kf1 Bd3+ 51. Kg1 Bb5 52. Bxb5 Rd6 53.
Bxa6 Rxf6 54. Bb7 Rf5 55. Qxg7+ Kxg7 56. a6 Ra5 57. Kf2 Ra3 0-1